[Event "MAR-ch U18"]
[Site "Casablanca"]
[Date "2022.06.01"]
[Round "2"]
[White "Toumi, Mohamed Jad"]
[Black "El Bakkali, Wahb"]
[Result "0-1"]
[WhiteElo "1650"]
[BlackElo "1436"]
[PlyCount "58"]
[EventDate "2022.06.01"]
[EventType "swiss (rapid)"]
[EventRounds "7"]
[EventCountry "MAR"]
[SourceTitle "EXT 2023"]
[Source "ChessBase"]
[SourceDate "2022.10.05"]
[SourceVersion "1"]
[SourceVersionDate "2022.10.05"]
[SourceQuality "1"]

1. e4 e5 2. Nf3 Nc6 3. Bc4 Bc5 4. c3 d6 5. h3 Nf6 6. d3 Bd7 7. Bg5 h6 8. Bh4 Be6 9. Bb5 a6 10. Ba4 Bd7 11. Nbd2 Ne7 12. Bc2 Ng6 13. 0-0 Nxh4 14. Nxh4 g5 15. Nf5 Bxf5 16. exf5 Qd7 17. Qf3 0-0-0 18. b4 Bb6 19. a4 g4 20. hxg4 Rhg8 21. b5 a5 22. Nc4 Rxg4 23. Nxb6+ cxb6 24. d4 e4 25. Qe2 Rdg8 26. g3 Qxf5 27. Qc4+ Kb8 28. Kh2 Rh4+ 29. gxh4 Qf4+ 0-1